What is mathematics ? / (Record no. 79656)

MARC details
000 -LEADER
fixed length control field 00663nam a22002057a 4500
005 - DATE AND TIME OF LATEST TRANSACTION
control field 20131007122711.0
010 ## - LCCN (DPL NO)
LC control number ENG-108570
020 ## - INTERNATIONAL STANDARD BOOK NUMBER
International Standard Book Number 9788123767888
Terms of availability 120.00
020 ## - INTERNATIONAL STANDARD BOOK NUMBER
International Standard Book Number 8123767889
Terms of availability 120.00
035 ## - SYSTEM CONTROL NUMBER
System control number EN-92103
037 ## - SOURCE OF ACQUISITION
Source of stock number/acquisition DBAD/PUB
082 ## - DEWEY DECIMAL CLASSIFICATION NUMBER
Classification number 510
100 ## - MAIN ENTRY--PERSONAL NAME
Personal name Shetty, Balkrishna
245 ## - TITLE STATEMENT
Title What is mathematics ? /
Statement of responsibility, etc by Balkrishna Shetty
260 ## - PUBLICATION, DISTRIBUTION, ETC. (IMPRINT)
Place of publication, distribution, etc New Delhi
Name of publisher, distributor, etc National Book Trust
Date of publication, distribution, etc 2013
270 ## - ADDRESS
Address Nehru Bhawan, 5 Institutional Area, Phase-II Vasant Kunj
City New Delhi
Postal code 110070
300 ## - PHYSICAL DESCRIPTION
Extent xxi, 329p. :
Dimensions 23cm (pbk)
Other physical details ill.
500 ## - GENERAL NOTE
General note Includes bibliographical references and index
942 ## - ADDED ENTRY ELEMENTS (KOHA)
Source of classification or shelving scheme Dewey Decimal Classification
Item type English Books
Call number suffix SHE
Classification part 510
Holdings
Withdrawn status Lost status Not for loan Collection code Home library Current library Date acquired Source of acquisition Cost, normal purchase price Full call number Barcode Copy number Cost, replacement price Koha item type
    Not For Loan Non-fiction D.B.Act.Division D.B.Act.Division 26/09/2013 DBAD/PUB 120.00 510 SHE EN-92103 1 120.00 English Books

© Delhi Public Library
Hit Counter
free hit counter